Kamangoza (Record no. 119699)
[ view plain ]
| 000 -LEADER | |
|---|---|
| fixed length control field | 00612nam a22001697a 4500 |
| 008 - FIXED-LENGTH DATA ELEMENTS--GENERAL INFORMATION | |
| fixed length control field | 140124b xxu||||| |||| 00| 0 eng d |
| 050 ## - LIBRARY OF CONGRESS CALL NUMBER | |
| Classification number | SPC GN780.42.Z3V62 1971 |
| 100 ## - MAIN ENTRY--PERSONAL NAME | |
| Personal name | Vogel, Joseph O. |
| 9 (RLIN) | 7083 |
| 245 ## - TITLE STATEMENT | |
| Title | Kamangoza |
| Remainder of title | An introduction to the iron age cultures of the Victoria Falls region |
| 260 ## - PUBLICATION, DISTRIBUTION, ETC. (IMPRINT) | |
| Place of publication, distribution, etc | Nairobi |
| Name of publisher, distributor, etc | Oxford University Press |
| Date of publication, distribution, etc | 1971 |
| 300 ## - PHYSICAL DESCRIPTION | |
| Extent | x; 142p. |
| Dimensions | 23cm |
| 440 ## - SERIES STATEMENT/ADDED ENTRY--TITLE | |
| Title | Zambia Museum papers |
| Number of part/section of a work | n.2 |
| 9 (RLIN) | 7084 |
| 650 ## - SUBJECT ADDED ENTRY--TOPICAL TERM | |
| Topical term or geographic name as entry element | Iron age - Zambia |
| 9 (RLIN) | 7085 |
| 650 ## - SUBJECT ADDED ENTRY--TOPICAL TERM | |
| Topical term or geographic name as entry element | Victoria Falls Region (Zambia & Zimbabwe) - Antiquities |
| 9 (RLIN) | 7086 |
| 650 ## - SUBJECT ADDED ENTRY--TOPICAL TERM | |
| Topical term or geographic name as entry element | Zambia - Antiquities |
| 9 (RLIN) | 7087 |
| 942 ## - ADDED ENTRY ELEMENTS (KOHA) | |
| Source of classification or shelving scheme | Library of Congress Classification |
| Item type | Monograph ( Printed materials) |
| Withdrawn status | Lost status | Source of classification or shelving scheme | Damaged status | Not for loan | Home library | Current library | Date acquired | Total Checkouts | Full call number | Barcode | Date last seen | Price effective from | Koha item type |
|---|---|---|---|---|---|---|---|---|---|---|---|---|---|
| Library of Congress Classification | ARRUPE LIBRARY | ARRUPE LIBRARY | 24/01/2014 | SPC GN780.42.Z3V62 1971 | 464122353 | 24/01/2014 | 24/01/2014 | Monograph ( Printed materials) |